000 01277nam a2200397 a 4500
003 AR-BaBNM
005 20251128203758.0
008 082120s2002 ||||||||||||||000 | spa||
040 _cAR-BaBNM
100 1 _aKatz, Ricardo Santiago
245 0 0 _aLa disciplina escolar de nuestro tiempo
_bayer-hoy
260 _aLa Plata
_bBiblioteca Educativa
_c1991
300 _a226 p.
_bdiagr.
490 0 _aEducación y democracia hacia el Siglo XXI
500 _aContiene glosario de términos inferidos del concepto disciplina
500 _aContiene índice temático
500 _aContiene normativas que regían y se aplicaban en establecimientos de nivel primario y secundario
504 _aBibliografía: p. 224-226
650 4 _aDISCIPLINA ESCOLAR
650 4 _aCONDUCCION DE LA CLASE
650 4 _aROL DEL DOCENTE
650 4 _aTEORIAS DE LA EDUCACION
650 4 _aSIGLO DIECINUEVE
650 4 _aSIGLO VEINTE
650 4 _aCOMPORTAMIENTO DEL ALUMNO
650 4 _aAMBIENTE EDUCACIONAL
650 4 _aAMBIENTE DE LA CLASE
650 4 _aAUTORIDAD
650 4 _aAUTORIDAD DEL DOCENTE
650 4 _aCASTIGO
650 4 _aCONTROL SOCIAL
650 4 _aPSICOLOGIA DEL DESARROLLO
650 4 _aREGLAMENTOS EDUCACIONALES
942 _cBK
998 _csilvi
999 _c4909
_d4909